LEADER 01203nam a2200289 a 4500 001 000000134667 003 CaOOAMICUS 005 20130627114544.0 008 130627s1974 it u000 u ita r 040 $aPUL$bita 041 1 $aita$hger 100 1 $aSchutz, Alfred,$d1899-1959.$0(OLS)http://pul/name/41070 240 10$aSinnhafte Aufbau der sozialen Welt.$lItaliano.$0(OLS)http://pul/title/170291 245 13$aLa fenomenologia del mondo sociale /$cAlfred Schütz. 260 $aBologna :$bIl Mulino,$c©1974. 300 $aXXV, 363 p. ;$c22 cm. 490 1 $aCollezione di testi e studi. Filosofia 500 $aInclude indice e bibliografia in nota. 650 4$aFenomenologia$xCritica e interpretazione.$0(OLS)http://pul/subject/17511 830 0$aCollezione di testi e di studi.$pFilosofia.$0(OLS)http://pul/title/10731 850 $aPUL 852 $aPUL$W1$xDP1 Fondo E. Rossi$y115$m1 S 54$j154878$qFondi$B154420$CPULBib$Z2$F154420 $82 941 1 $a1 961 $aSul dorso collocazione ms. di E. Rossi: S 20 996 $6245$aLa fenomenologia del mondo sociale$9(OLS)http://pul/title/170292 996 $6260$aBologna :$bIl Mulino$9(OLS)http://pul/publisher/47928 LEADER 01321nam a2200301 a 4500 001 000000155395 003 CaOOAMICUS 005 20161024102106.0 008 161024s2016 gw u000 u eng r 020 $z9783110484458* 032 $aLibriCat 040 $aPUL$bita 100 1 $aRohmann, Dirk.$0(OLS)http://pul/name/98957 245 10$aChristianity, book-burning, and censorship in late antiquity :$bstudies in text transmission /$cDirk Rohmann. 260 $aBerlin ; ;$aBoston :$bDe Gruyter,$c©2016. 300 $aIX, 360 p. ;$c24 cm. 490 1 $aArbeiten zur Kirchengeschichte ;$v135 500 $aInclude indice. 504 $aBibliografia in nota. 650 4$aChiesa$xStoria$yChiesa primitiva, ca. 30-600.$0(OLS)http://pul/subject/93 830 0$aArbeiten zur Kirchengeschichte ;$v135.$0(OLS)http://pul/title/4204 850 $aPUL 852 $aPUL$W1$xSL Filosofia 1$y2$m115 L 135$j178505$qStampati$B181693$CPULBib$Z2$F181693 $H128260 $81 941 1 $a8 996 $6020$z9783110484458*$9(OLS)http://pul/number/161378 996 $6245$aChristianity, book-burning, and censorship in late antiquity :$bstudies in text transmission$9(OLS)http://pul/title/195054 996 $6260$aBerlin ; $aBoston :$bDe Gruyter$9(OLS)http://pul/publisher/82016